ROBBERY AT THE MASQUED BALL / (Record no. 204088)

MARC details
000 -LEADER
fixed length control field 01692nam a2200337 ia4500
003 - CONTROL NUMBER IDENTIFIER
control field OSt
005 - DATE AND TIME OF LATEST TRANSACTION
control field 20260504163436.0
008 - FIXED-LENGTH DATA ELEMENTS--GENERAL INFORMATION
fixed length control field 250114s2025 enka crb 000 1 eng d
020 ## - INTERNATIONAL STANDARD BOOK NUMBER
International Standard Book Number 9780192788351
Terms of availability RM 58.50
Qualifying information paperback
040 ## - CATALOGING SOURCE
Original cataloging agency PPAK
Language of cataloging eng
Transcribing agency PPAK
Description conventions rda
082 04 - DEWEY DECIMAL CLASSIFICATION NUMBER
Edition number 23
Classification number 823.92
090 00 - LOCALLY ASSIGNED LC-TYPE CALL NUMBER (OCLC); LOCAL CALL NUMBER (RLIN)
Classification number (OCLC) (R) ; Classification number, CALL (RLIN) (NR) 823.92
Feature heading RED
Feature heading K
100 1# - MAIN ENTRY--PERSONAL NAME
Personal name Reddy, Swapna,
Relator term author.
245 10 - TITLE STATEMENT
Title ROBBERY AT THE MASQUED BALL /
Statement of responsibility, etc. Swapna Reddy ; Becka Moor.
264 #1 - PRODUCTION, PUBLICATION, DISTRIBUTION, MANUFACTURE, AND COPYRIGHT NOTICE
Place of production, publication, distribution, manufacture Oxford :
Name of producer, publisher, distributor, manufacturer Oxford University Press,
Date of production, publication, distribution, manufacture, or copyright notice 2025
300 ## - PHYSICAL DESCRIPTION
Extent 122 pages :
Other physical details colour illustrations ;
Dimensions 19 cm
336 ## - CONTENT TYPE
Content type term text
Source rdacontent
337 ## - MEDIA TYPE
Media type term unmediated
Source rdamedia
338 ## - CARRIER TYPE
Carrier type term volume
Source rdacarrier
490 1# - SERIES STATEMENT
Series statement REGGIE RABBIT
500 ## - GENERAL NOTE
General note Some illustrations in graphic novel format.
520 ## - SUMMARY, ETC.
Summary, etc. It's time for the grandest event in Bearburgh: the Masque family's Masqued Ball! And this year it's even more exciting because famous pop star Kitty Qita is going to perform! Young detectives Reggie Rabbit and Pipsquark are there - as waiters for Auntie Hibiscus's catering company. But not everything goes to plan. In the middle of Kitty Qita's big act, the lights go out, and the guests' jewels are stolen. It's a tough case, but Reggie and Pipsquark are on it! Does the answer lie in the mean streets of Dog Lane as the clues suggest? Or is there more to this mystery than meets the eye?
650 10 - SUBJECT ADDED ENTRY--TOPICAL TERM
Topical term or geographic name entry element Rabbits
Form subdivision Juvenile fiction
Topical term or geographic name entry element Detectives
Form subdivision Juvenile fiction
Topical term or geographic name entry element Jewelry theft
Form subdivision Juvenile fiction
Topical term or geographic name entry element Balls (Parties)
Form subdivision Juvenile fiction
655 #7 - INDEX TERM--GENRE/FORM
Genre/form data or focus term Detective and mystery fiction.
700 1# - ADDED ENTRY--PERSONAL NAME
Personal name Moor, Becka,
Relator term illustrator.
830 #0 - SERIES ADDED ENTRY--UNIFORM TITLE
Uniform title Reggie Rabbit
942 ## - ADDED ENTRY ELEMENTS (KOHA)
Source of classification or shelving scheme Dewey Decimal Classification
Koha item type Book
Holdings
Withdrawn Not for loan Current library Shelving location Date acquired Total Checkouts Full call number Barcode Date last seen Koha item type
    Perpustakaan Alor Setar Pinjaman Kanak-kanak 12/05/2026   K 823.92 RED A01916332 12/05/2026 Book